书目信息 |
| 题名: |
电子生物学与癌
|
|
| 作者: | 圣─乔其 , Szent-Gyorqyi 著 ;迟翰林 译 | |
| 分册: | ||
| 出版信息: | 北京 科学出版社 1979 |
|
| 页数: | 71页 | |
| 开本: | 19cm | |
| 丛书名: | ||
| 单 册: | ||
| 中图分类: | R730.21 , Q61 | |
| 科图分类: | ||
| 主题词: | 电子学:细胞学:肿瘤学 , 细胞学:电子学:肿瘤学 , 肿瘤学:细胞学:电子学 , 理论生物物理学 | |
| 电子资源: | ||
| ISBN: | ||
| 000 | 01000nam0 2200325 45 | |
| 001 | 0179008632 | |
| 005 | 20040525091936.9 | |
| 010 | @dCNY0.27 | |
| 091 | @a13031.1059 | |
| 100 | @a19950803d1979 em y0chiy0121 ea | |
| 101 | 1 | @achi@ceng |
| 102 | @aCN@b110000 | |
| 105 | @ay z 000yy | |
| 106 | @ar | |
| 200 | 10 | @a电子生物学与癌@Adian zi sheng wu xue yu ai@e癌的一种新理论@f(美)圣—乔其(A.Szent-Gyorqyi)著@g迟翰林译 |
| 210 | @a北京@c科学出版社@d1979 | |
| 215 | @a71页@d19cm | |
| 300 | @a书名原文:Electronic biology and cancer,a new theory of cancer | |
| 510 | 1 | @aElectronic biology and cancer,a new theory of cancer@zeng |
| 606 | @a电子学:细胞学:肿瘤学 | |
| 606 | @a细胞学:电子学:肿瘤学 | |
| 606 | @a肿瘤学:细胞学:电子学 | |
| 606 | 0 | @a理论生物物理学 |
| 690 | @aR730.21@v3 | |
| 690 | @aQ61 | |
| 701 | 1 | @a圣─乔其@Asheng qiao qi@bA.@4著 |
| 701 | A1 | @aSzent-Gyorqyi@bA.@4著 |
| 702 | 0 | @a迟翰林@Achi han lin@4译 |
| 801 | 0 | @aCN@bNLC@c20040525 |
| 905 | @f1@b21148@dQ61@e2 | |
| 电子生物学与癌:癌的一种新理论/(美)圣—乔其(A.Szent-Gyorqyi)著/迟翰林译.-北京:科学出版社,1979 |
| 71页;19cm |
| 书名原文:Electronic biology and cancer,a new theory of cancer |
| ISBN :CNY0.27 |
| ● |
| 相关链接 |
|
|
|
|
正题名:电子生物学与癌
索取号:Q61/2
 
预约/预借
| 序号 | 登录号 | 条形码 | 馆藏地/架位号 | 状态 | 备注 |
| 1 | 0021147 | 000702742 | 第三借阅区/ [索取号:Q61/2] | 在馆 | |
| 2 | 0021148 | 000702751 | 第二样本阅览室/ [索取号:Q61/2] | 在馆 |